Eastern Utah Libraries Catalog: Duchesne, Heber, Roosevelt, & Vernal

First Day of Groot! / (Record no. 320158)

MARC details
000 -LEADER
fixed length control field 01330cam a22003135i 4500
005 - DATE AND TIME OF LATEST TRANSACTION
control field 20200320221005.0
008 - FIXED-LENGTH DATA ELEMENTS--GENERAL INFORMATION
fixed length control field 190102s2019 #00 eng d
020 ## - INTERNATIONAL STANDARD BOOK NUMBER
International Standard Book Number 9781368000697
040 ## - CATALOGING SOURCE
Original cataloging agency DLC
Language of cataloging eng
Description conventions rda
Transcribing agency DLC
Modifying agency DLC
-- CTMM
082 04 - DEWEY DECIMAL CLASSIFICATION NUMBER
Classification number [FIC]
100 1# - MAIN ENTRY--PERSONAL NAME
Personal name Deneen, Brendan.
9 (RLIN) 6005281
245 10 - TITLE STATEMENT
Title First Day of Groot! /
Statement of responsibility, etc Brendan Deneen.
250 ## - EDITION STATEMENT
Edition statement 1st edition.
264 #1 - Production, Publication, Distribution, Manufacture, and Copyright Notice.
Place of production, publication, distribution, manufacture New York, NY :
Name of producer, publisher, distributor, manufacturer Marvel Press,
Date of production, publication, distribution, manufacture, or copyr 2019.
264 #2 - Production, Publication, Distribution, Manufacture, and Copyright Notice.
Place of production, publication, distribution, manufacture Old Saybrook, Connecticut :
Name of producer, publisher, distributor, manufacturer www.micromarketing.org
300 ## - PHYSICAL DESCRIPTION
Extent pages cm
336 ## - Content Type
Content type term text
337 ## - Media type
Media type term unmediated
338 ## - Carrier type
Carrier type term volume
500 ## - GENERAL NOTE
General note [Typographic symbols and accents removed for systems compatibility.]
520 ## - SUMMARY, ETC.
Summary, etc "Told in rhyme and accompanied by colorful and action-packed illustrations, First Day of Groot! is the perfect story to help little learners get excited about first-time experiences."
588 ## -
-- Title and description based on researched data; resource not viewed.
650 #1 - SUBJECT ADDED ENTRY--TOPICAL TERM
Topical term or geographic name as entry element Stories in rhyme.
9 (RLIN) 6005282
650 #1 - SUBJECT ADDED ENTRY--TOPICAL TERM
Topical term or geographic name as entry element Experience in children
Form subdivision Fiction.
9 (RLIN) 6005283
942 ## - ADDED ENTRY ELEMENTS (KOHA)
Koha item type BOOK
948 ## - LOCAL PROCESSING INFORMATION (OCLC); SERIES PART DESIGNATOR (RLIN)
Series part designator, SPT (RLIN) 06/13/2019
z (OCLC) Sirsi
949 ## - LOCAL PROCESSING INFORMATION (OCLC)
n www.MicroMarketing.org 800-229-9887
996 ## -
-- 166653
-- 34301001635103
-- E
-- bk
-- wcl
-- o
-- 10
-- 12.99
-- MicroMarketing
-- Den
-- 07/10/2019
-- 03/03/2020
-- 03/04/2020
Holdings
Withdrawn status Lost status Source of classification or shelving scheme Damaged status Not for loan Collection code Home library Current library Shelving location Date acquired Cost, normal purchase price Total Checkouts Total Renewals Full call number Barcode Date last seen Date checked out Cost, replacement price Price effective from Koha item type
    Dewey Decimal Classification     Children Picture Books Wasatch County Library Wasatch County Library Main Floor Childrens Area 07/10/2019 12.99 46 24 E Superheroes 34301001635103 10/15/2025 08/12/2025 12.99 03/20/2020 BOOK
This project was made possible through a grant from the Institute of Museum and Library Service administered by the Utah State Library Division.

Wasatch County Library

  • 465 East 1200 South, Heber City, Utah 84032
  • Phone 435-654-1511 | Fax 435-654-6456

Hours

  • Monday - Friday 9:30 AM - 8:00 PM
  • Saturday 9:30 AM - 1:30 PM
  • Closed Sundays and Holidays